La ponction biopsie percutanée du rein /
| Hlavní autor: | Cacolyris, Timoléon |
|---|---|
| Korporativní autor: | Université de Paris |
| Jazyk: | Francouzština |
| Vydáno: |
Paris : T. Cacolyris, 1960 |
| Fyzický popis: |
105 s. |
| LEADER | 00565nam a22002052a 4500 | ||
|---|---|---|---|
| 001 | 001370623 | ||
| 003 | CZ BrMZK | ||
| 005 | 20140320095035.0 | ||
| 007 | ta | ||
| 008 | 140227s1960 fr er|||||||||||fre d | ||
| 040 | |a BOA001 |b cze | ||
| 100 | 1 | |a Cacolyris, Timoléon |4 dis | |
| 245 | 1 | 3 | |a La ponction biopsie percutanée du rein / |c Timoléon Cacolyris |
| 260 | |a Paris : |b T. Cacolyris, |c 1960 | ||
| 300 | |a 105 s. | ||
| 502 | |a Disertace--Université de Paris, 1960 | ||
| 710 | 2 | |a Université de Paris |7 ko2003183514 | |
| 910 | |a BOA001 |b 2-0497.764 | ||
| 990 | |a BK | ||
| 991 | |b 201402 | ||
English
Čeština 